| 000 | 00437nam a2200157Ia 4500 | ||
|---|---|---|---|
| 003 | GCL | ||
| 008 | 140319s9999 xx 000 0 eng d | ||
| 040 |
_aGCL / _cGCL |
||
| 082 | 0 | 4 |
_a637 _bR M |
| 100 | 1 | _aROBINSON, R.K. | |
| 245 | 1 | 0 |
_aMODERN DAIRY TECHNOLOGY: ADVANCES IN MILK PROCESSING / _cROBINSON, R.K. |
| 260 |
_a[S.N] : _bElsevier Applied Science ، _c1993 |
||
| 300 | _a1001 P | ||
| 650 | 0 | 4 | _aDAIRY PROCESSING |
| 942 |
_2ddc _cBK |
||
| 999 |
_c23459 _d23459 |
||